Welcome to the Holygrace Academy Library

Please use search bar below to get started

THE GIGGLER TREATMENT (Record no. 2048)

MARC details
000 -LEADER
fixed length control field 00381nam a22001577a 4500
020 ## - INTERNATIONAL STANDARD BOOK NUMBER
ISBN 0-439-99385-7
082 ## - DEWEY DECIMAL CLASSIFICATION NUMBER
Classification number 823
Item number DON/G
100 ## - MAIN ENTRY--AUTHOR NAME
Personal name DOYLE, RODDY
245 ## - TITLE STATEMENT
Title THE GIGGLER TREATMENT
Remainder of title SHORT STORY
246 ## - VARYING FORM OF TITLE
Title proper/short title THE GIGGLER TREATMBNT
Remainder of title SHORT STORY
260 ## - PUBLICATION, DISTRIBUTION, ETC. (IMPRINT)
Place of publication LONDON
Name of publisher SCHOLASTIC LTD
Year of publication 2000
300 ## - PHYSICAL DESCRIPTION
Number of Pages 111
520 ## - SUMMARY, ETC.
Summary, etc SHORT STORY
650 ## - SUBJECT ADDED ENTRY--TOPICAL TERM
Topical Term SHORT STORY
942 ## - ADDED ENTRY ELEMENTS (KOHA)
Koha item type Books

No items available.